| 000 | 00690nam a2200241Ia 4500 | ||
|---|---|---|---|
| 003 | OSt | ||
| 005 | 20220926011827.0 | ||
| 006 | a|||||r|||| 00| 0 | ||
| 007 | ta | ||
| 008 | 220923b |||||||| |||| 00| 0 eng d | ||
| 020 | _a0814431291 | ||
| 037 | _cGeneral Book | ||
| 040 |
_aRTL _cRTL _beng |
||
| 041 |
_2eng _aeng |
||
| 082 | _aX:87.N77, L7 | ||
| 100 |
_aMcLEAN Preston G _9315013 |
||
| 245 | 0 |
_aManager and self-respect _b A follow-up suevey. |
|
| 260 |
_aNew York _bAmacom _c1977 |
||
| 300 |
_a28p. _ccm. |
||
| 700 |
_a JILLSON Katherine _9315014 |
||
| 942 |
_hX:87.N77, L7 _cGB _2CC |
||
| 999 |
_c621067 _d621067 |
||